UFC Champions Who Lost Their 1st Shot - Statistics

General Stats
  • This quiz has been taken 154 times
  • The average score is 10 of 19
Answer Stats
First Title Opponent Year Won Title Answer % Correct
Jon Jones 2015 Daniel Cormier
90%
Matt Hughes 2006 Georges St-Pierre
83%
Stipe Miocic 2021 Francis Ngannou
79%
Demetrious Johnson 2018 Henry Cejudo
74%
Jens Pulver 2004 B.J. Penn
70%
Randy Couture 2005 Chuck Liddell
63%
Georges St-Pierre 2014 Johny Hendricks
61%
Carla Esparza 2017 Rose Namajunas
57%
Johny Hendricks 2014 Robbie Lawler
55%
Lyoto Machida 2010 Maurício Rua
54%
Jon Jones 2021 Glover Teixeira
50%
Ronda Rousey 2016 Miesha Tate
50%
Bas Rutten 1999 Kevin Randleman
46%
Amanda Nunes 2024 Raquel Pennington
46%
Amanda Nunes 2018 Valentina Shevchenko
46%
Dominick Cruz 2012 Demetrious Johnson
45%
Joanna Jędrzejczyk 2019 Jéssica Andrade
36%
Matt Hughes 2006 Sean Sherk
25%
Tito Ortiz 2005 Evan Tanner
10%
No matching quizzes found
Score Distribution
Percent of People with Each Score
Percentile by Number Answered
Your Score History
You have not taken this quiz